[Event "New Zealand Junior Championship"]
[Site "Wellington"]
[Date "2023.01.03"]
[Round "1.1"]
[White "Li, Bill"]
[Black "Gong, Daniel Hanwen"]
[Result "0-1"]
[WhiteElo "1384"]
[BlackElo "2388"]

1. d4 {[%clk 01:00:57]} 1... c5 {[%clk 01:00:50] [%emt 00:00:10]} 2. d5 {[%clk
01:01:18] [%emt 00:00:11]} 2... e6 {[%clk 01:01:15] [%emt 00:00:04]} 3. c4
{[%clk 01:01:40] [%emt 00:00:11]} 3... Nf6 {[%clk 01:01:28] [%emt 00:00:15]} 4.
Nc3 {[%clk 01:01:58] [%emt 00:00:11]} 4... exd5 {[%clk 01:01:53] [%emt
00:00:05]} 5. cxd5 {[%clk 01:02:19] [%emt 00:00:11]} 5... Bd6 {[%clk 01:02:16]
[%emt 00:00:07]} 6. Nf3 {[%clk 01:02:15] [%emt 00:00:33]} 6... O-O {[%clk
01:02:39] [%emt 00:00:06]} 7. e3 {[%clk 01:02:19] [%emt 00:00:27]} 7... Bc7
{[%clk 01:02:32] [%emt 00:00:37]} 8. Bc4 {[%clk 01:01:59] [%emt 00:00:50]} 8...
d6 {[%clk 01:02:57] [%emt 00:00:05]} 9. O-O {[%clk 01:01:58] [%emt 00:00:33]}
9... Ba5 {[%clk 01:03:15] [%emt 00:00:11]} 10. Re1 {[%clk 01:01:02] [%emt
00:01:28]} 10... a6 {[%clk 01:03:39] [%emt 00:00:03]} 11. a4 {[%clk 01:01:21]
[%emt 00:00:12]} 11... Re8 {[%clk 01:03:55] [%emt 00:00:14]} 12. Qc2 {[%clk
01:01:00] [%emt 00:00:51]} 12... Bg4 {[%clk 01:03:49] [%emt 00:00:35]} 13. Nd2
{[%clk 01:00:36] [%emt 00:00:54]} 13... Nbd7 {[%clk 01:03:52] [%emt 00:00:26]}
14. e4 {[%clk 00:58:39] [%emt 00:02:28]} 14... Nb6 {[%clk 01:02:45] [%emt
00:01:37]} 15. f3 {[%clk 00:56:39] [%emt 00:02:31]} 15... Bd7 {[%clk 01:02:28]
[%emt 00:00:46]} 16. b3 {[%clk 00:55:21] [%emt 00:01:48]} 16... Bxc3 {[%clk
01:01:48] [%emt 00:01:10]} 17. Qxc3 {[%clk 00:55:32] [%emt 00:00:19]} 17...
Nfxd5 {[%clk 01:01:14] [%emt 00:01:03]} 18. Bxd5 {[%clk 00:52:59] [%emt
00:03:03]} 18... Nxd5 {[%clk 01:01:39] [%emt 00:00:05]} 19. Qc2 {[%clk
00:50:02] [%emt 00:03:27]} 19... Nb4 {[%clk 01:02:04] [%emt 00:00:05]} 20. Qc3
{[%clk 00:49:42] [%emt 00:00:50]} 20... f6 {[%clk 01:01:14] [%emt 00:01:21]}
21. Nc4 {[%clk 00:48:36] [%emt 00:01:37]} 21... Be6 {[%clk 01:00:07] [%emt
00:01:36]} 22. Rd1 {[%clk 00:47:58] [%emt 00:01:07]} 22... Bxc4 {[%clk
00:58:44] [%emt 00:01:53]} 23. Qxc4+ {[%clk 00:48:17] [%emt 00:00:11]} 23...
Kh8 {[%clk 00:59:03] [%emt 00:00:12]} 24. Bf4 {[%clk 00:48:06] [%emt 00:00:41]}
24... Qa5 {[%clk 00:55:44] [%emt 00:03:48]} 25. Bxd6 {[%clk 00:46:22] [%emt
00:02:13]} 25... b6 {[%clk 00:54:07] [%emt 00:02:09]} 26. Bg3 {[%clk 00:45:02]
[%emt 00:01:50]} 26... Rac8 {[%clk 00:51:58] [%emt 00:02:38]} 27. Be1 {[%clk
00:44:24] [%emt 00:01:08]} 27... h6 {[%clk 00:51:36] [%emt 00:00:52]} 28. Rd7
{[%clk 00:43:22] [%emt 00:01:32]} 28... b5 {[%clk 00:50:50] [%emt 00:01:17]}
29. axb5 {[%clk 00:43:17] [%emt 00:00:35]} 29... Qxa1 {[%clk 00:51:12] [%emt
00:00:55]} 0-1

[Event "New Zealand Junior Championship"]
[Site "Wellington"]
[Date "2023.01.03"]
[Round "1.2"]
[White "Mao, Daqi"]
[Black "Qu, Lucas"]
[Result "1-0"]
[WhiteElo "2085"]
[BlackElo "1358"]

1. d4 {[%clk 01:00:59] [%emt 00:00:01]} 1... d5 {[%clk 01:00:44] [%emt
00:00:16]} 2. c4 {[%clk 01:01:26] [%emt 00:00:04]} 2... e6 {[%clk 01:00:45]
[%emt 00:00:28]} 3. Nc3 {[%clk 01:01:50] [%emt 00:00:07]} 3... Bb4 {[%clk
01:01:09] [%emt 00:00:07]} 4. Nf3 {[%clk 01:02:10] [%emt 00:00:08]} 4... Nf6
{[%clk 01:01:08] [%emt 00:00:31]} 5. Bg5 {[%clk 01:02:26] [%emt 00:00:14]} 5...
h6 {[%clk 01:00:58] [%emt 00:00:40]} 6. Bh4 {[%clk 01:02:34] [%emt 00:00:22]}
6... g5 {[%clk 01:00:50] [%emt 00:00:40]} 7. Bg3 {[%clk 01:03:00] [%emt
00:00:02]} 7... Ne4 {[%clk 01:01:03] [%emt 00:00:19]} 8. Qb3 {[%clk 01:03:21]
[%emt 00:00:07]} 8... Bxc3+ {[%clk 01:00:58] [%emt 00:00:35]} 9. bxc3 {[%clk
01:03:43] [%emt 00:00:07]} 9... Nc6 {[%clk 01:00:27] [%emt 00:01:00]} 10. e3
{[%clk 01:03:15] [%emt 00:00:59]} 10... Bd7 {[%clk 00:59:40] [%emt 00:01:17]}
11. cxd5 {[%clk 01:03:07] [%emt 00:00:37]} 11... exd5 {[%clk 00:59:51] [%emt
00:00:19]} 12. Rc1 {[%clk 01:02:40] [%emt 00:00:57]} 12... Be6 {[%clk 00:59:00]
[%emt 00:01:21]} 13. Qxb7 {[%clk 01:02:50] [%emt 00:00:21]} 13... Bd7 {[%clk
00:57:54] [%emt 00:01:36]} 14. Bxc7 {[%clk 01:02:57] [%emt 00:00:23]} 14... Qc8
{[%clk 00:57:17] [%emt 00:01:06]} 15. Ba6 {[%clk 01:02:42] [%emt 00:00:46]}
15... O-O {[%clk 00:56:09] [%emt 00:01:38]} 16. O-O {[%clk 01:02:37] [%emt
00:00:35]} 16... f6 {[%clk 00:54:44] [%emt 00:01:55]} 17. c4 {[%clk 01:01:27]
[%emt 00:01:40]} 17... Qxb7 {[%clk 00:51:29] [%emt 00:03:45]} 18. Bxb7 {[%clk
01:01:50] [%emt 00:00:07]} 18... Rae8 {[%clk 00:50:25] [%emt 00:01:33]} 19.
cxd5 {[%clk 01:02:10] [%emt 00:00:10]} 19... Nb4 {[%clk 00:49:31] [%emt
00:01:25]} 20. a3 {[%clk 01:02:01] [%emt 00:00:39]} 20... Nd3 {[%clk 00:48:48]
[%emt 00:01:13]} 21. Rcd1 {[%clk 01:01:24] [%emt 00:01:06]} 21... Bb5 {[%clk
00:48:29] [%emt 00:00:51]} 22. Bc6 {[%clk 01:01:16] [%emt 00:00:36]} 22... Bxc6
{[%clk 00:48:03] [%emt 00:00:56]} 23. dxc6 {[%clk 01:01:38] [%emt 00:00:09]}
23... Nb2 {[%clk 00:48:13] [%emt 00:00:21]} 24. Rc1 {[%clk 01:00:34] [%emt
00:01:34]} 24... g4 {[%clk 00:45:04] [%emt 00:03:38]} 25. Nh4 {[%clk 01:00:34]
[%emt 00:00:30]} 25... Nd2 {[%clk 00:44:51] [%emt 00:00:44]} 26. Rc2 {[%clk
01:00:02] [%emt 00:01:01]} 26... Nxf1 {[%clk 00:44:30] [%emt 00:00:51]} 27.
Rxb2 {[%clk 01:00:29] [%emt 00:00:03]} 27... Nxe3 {[%clk 00:43:38] [%emt
00:01:22]} 28. fxe3 {[%clk 01:00:54] [%emt 00:00:05]} 28... Rc8 {[%clk
00:41:32] [%emt 00:02:36]} 29. Bd6 {[%clk 01:01:09] [%emt 00:00:15]} 29... Rfd8
{[%clk 00:40:14] [%emt 00:01:47]} 30. Nf5 {[%clk 01:01:33] [%emt 00:00:07]}
30... Kh8 {[%clk 00:39:10] [%emt 00:01:34]} 31. d5 {[%clk 01:01:51] [%emt
00:00:12]} 31... Re8 {[%clk 00:35:52] [%emt 00:03:48]} 32. Ne7 {[%clk 01:02:08]
[%emt 00:00:12]} 32... Rcd8 {[%clk 00:35:25] [%emt 00:00:57]} 33. c7 {[%clk
01:02:08] [%emt 00:00:30]} 33... Rxd6 {[%clk 00:32:06] [%emt 00:03:49]} 34. Rb8
{[%clk 01:02:32] [%emt 00:00:07]} 34... Rc8 {[%clk 00:27:48] [%emt 00:04:48]}
35. Rxc8+ {[%clk 01:02:54] [%emt 00:00:08]} 35... Kh7 {[%clk 00:27:58] [%emt
00:00:20]} 36. Rb8 {[%clk 01:03:15] [%emt 00:00:09]} 36... Rd7 {[%clk 00:27:47]
[%emt 00:00:41]} 37. c8=Q {[%clk 01:03:36] [%emt 00:00:09]} 37... Rd8 {[%clk
00:27:42] [%emt 00:00:35]} 38. Qxd8 {[%clk 01:03:54] [%emt 00:00:12]} 38... h5
{[%clk 00:28:02] [%emt 00:00:10]} 39. Qh8# {[%emt 00:00:08]} 1-0

[Event "New Zealand Junior Championship"]
[Site "Wellington"]
[Date "2023.01.03"]
[Round "1.3"]
[White "Sun, Taoran Ethan"]
[Black "Van der Hoorn, Thomas"]
[Result "0-1"]
[WhiteElo "1219"]
[BlackElo "2068"]

1. e4 {[%clk 01:00:55] [%emt 00:00:05]} 1... c6 {[%clk 01:00:56] [%emt
00:00:05]} 2. d4 {[%clk 01:01:09] [%emt 00:00:15]} 2... d5 {[%clk 01:01:22]
[%emt 00:00:07]} 3. exd5 {[%clk 01:01:29] [%emt 00:00:08]} 3... cxd5 {[%clk
01:01:47] [%emt 00:00:06]} 4. Bd3 {[%clk 01:01:43] [%emt 00:00:15]} 4... Nc6
{[%clk 01:02:10] [%emt 00:00:08]} 5. c3 {[%clk 01:01:59] [%emt 00:00:13]} 5...
Nf6 {[%clk 01:02:28] [%emt 00:00:13]} 6. Bf4 {[%clk 01:01:58] [%emt 00:00:29]}
6... Bg4 {[%clk 01:02:23] [%emt 00:00:35]} 7. Nf3 {[%clk 01:02:09] [%emt
00:00:21]} 7... e6 {[%clk 01:02:43] [%emt 00:00:09]} 8. Nbd2 {[%clk 01:02:22]
[%emt 00:00:19]} 8... Bd6 {[%clk 01:03:05] [%emt 00:00:07]} 9. Bg3 {[%clk
01:00:56] [%emt 00:01:55]} 9... O-O {[%clk 01:03:24] [%emt 00:00:12]} 10. Qc2
{[%clk 01:00:45] [%emt 00:00:42]} 10... Rc8 {[%clk 01:03:10] [%emt 00:00:42]}
11. Bh4 {[%clk 00:56:49] [%emt 00:04:26]} 11... h6 {[%clk 01:02:26] [%emt
00:01:14]} 12. h3 {[%clk 00:55:32] [%emt 00:01:47]} 12... Bxf3 {[%clk 00:56:55]
[%emt 00:06:02]} 13. Nxf3 {[%clk 00:55:07] [%emt 00:00:55]} 13... Nb4 {[%clk
00:53:30] [%emt 00:03:55]} 14. Qd2 {[%clk 00:54:41] [%emt 00:00:55]} 14...
Nxd3+ {[%clk 00:53:54] [%emt 00:00:07]} 15. Qxd3 {[%clk 00:54:54] [%emt
00:00:16]} 15... a6 {[%clk 00:52:17] [%emt 00:02:08]} 16. O-O-O {[%clk
00:54:46] [%emt 00:00:37]} 16... b5 {[%clk 00:52:15] [%emt 00:00:32]} 17. Kb1
{[%clk 00:54:47] [%emt 00:00:30]} 17... Be7 {[%clk 00:51:46] [%emt 00:00:59]}
18. g4 {[%clk 00:54:07] [%emt 00:01:10]} 18... Ne4 {[%clk 00:51:49] [%emt
00:00:27]} 19. Bg3 {[%clk 00:53:20] [%emt 00:01:18]} 19... b4 {[%clk 00:51:48]
[%emt 00:00:30]} 20. cxb4 {[%clk 00:51:10] [%emt 00:02:40]} 20... Bxb4 {[%clk
00:48:53] [%emt 00:03:25]} 21. Rc1 {[%clk 00:48:49] [%emt 00:02:51]} 21... Qb6
{[%clk 00:48:52] [%emt 00:00:31]} 22. h4 {[%clk 00:47:37] [%emt 00:01:41]}
22... Bd6 {[%clk 00:48:26] [%emt 00:00:56]} 23. Nd2 {[%clk 00:43:56] [%emt
00:04:11]} 23... Bxg3 {[%clk 00:47:44] [%emt 00:01:11]} 24. fxg3 {[%clk
00:43:41] [%emt 00:00:45]} 24... Nf2 {[%clk 00:47:52] [%emt 00:00:22]} 25. Qe3
{[%clk 00:43:31] [%emt 00:00:39]} 25... Nxh1 {[%clk 00:48:13] [%emt 00:00:09]}
26. Rxh1 {[%clk 00:43:50] [%emt 00:00:11]} 26... Rb8 {[%clk 00:48:16] [%emt
00:00:27]} 27. Nb3 {[%clk 00:43:49] [%emt 00:00:32]} 27... a5 {[%clk 00:48:37]
[%emt 00:00:08]} 28. Qc3 {[%clk 00:43:05] [%emt 00:01:11]} 28... Rfc8 {[%clk
00:48:40] [%emt 00:00:30]} 29. Nc5 {[%clk 00:40:55] [%emt 00:02:40]} 29... e5
{[%clk 00:48:59] [%emt 00:00:11]} 30. Qa3 {[%clk 00:40:31] [%emt 00:00:51]}
30... Qb4 {[%clk 00:48:56] [%emt 00:00:35]} 31. Qxb4 {[%clk 00:40:16] [%emt
00:00:45]} 31... Rxb4 {[%clk 00:49:17] [%emt 00:00:10]} 32. Nd3 {[%clk
00:40:19] [%emt 00:00:26]} 32... Rxd4 {[%clk 00:49:29] [%emt 00:00:18]} 33.
Nxe5 {[%clk 00:40:37] [%emt 00:00:12]} 33... Re4 {[%clk 00:49:32] [%emt
00:00:27]} 34. Nf3 {[%clk 00:40:16] [%emt 00:00:51]} 34... Rxg4 {[%clk
00:49:54] [%emt 00:00:27]} 0-1

[Event "New Zealand Junior Championship"]
[Site "Wellington"]
[Date "2023.01.03"]
[Round "1.4"]
[White "Suggate, Romero"]
[Black "Si, William"]
[Result "1-0"]
[WhiteElo "2049"]
[BlackElo "1203"]

1. e4 {[%clk 01:00:53] [%emt 00:00:07]} 1... e5 {[%clk 01:00:58] [%emt
00:00:03]} 2. Nf3 {[%clk 01:01:21] [%emt 00:00:02]} 2... Nc6 {[%clk 01:01:22]
[%emt 00:00:06]} 3. Bb5 {[%emt 00:00:39]} 3... Nf6 {[%clk 01:01:40]} 4. d3
{[%clk 01:01:17] [%emt 00:00:38]} 4... Bd6 {[%clk 01:00:47] [%emt 00:01:22]} 5.
O-O {[%clk 01:01:26] [%emt 00:00:21]} 5... O-O {[%clk 01:01:10] [%emt
00:00:07]} 6. Bg5 {[%clk 01:01:54] [%emt 00:00:03]} 6... a6 {[%clk 01:01:17]
[%emt 00:00:22]} 7. Ba4 {[%clk 01:01:45] [%emt 00:00:39]} 7... h6 {[%clk
01:01:31] [%emt 00:00:17]} 8. Bh4 {[%clk 01:02:14]} 8... b5 {[%clk 01:01:20]
[%emt 00:00:43]} 9. Bb3 {[%clk 01:02:41] [%emt 00:00:01]} 9... Be7 {[%clk
01:01:13] [%emt 00:00:37]} 10. Nc3 {[%clk 01:01:39] [%emt 00:01:32]} 10... d6
{[%clk 01:00:38] [%emt 00:01:05]} 11. h3 {[%clk 00:57:14] [%emt 00:04:55]}
11... Nh7 {[%clk 01:00:47] [%emt 00:00:21]} 12. Bxe7 {[%clk 00:55:25] [%emt
00:02:20]} 12... Qxe7 {[%clk 01:01:13] [%emt 00:00:04]} 13. a4 {[%clk 00:55:04]
[%emt 00:00:51]} 13... b4 {[%clk 00:59:14] [%emt 00:02:28]} 14. Nd5 {[%clk
00:54:55] [%emt 00:00:38]} 14... Qd8 {[%clk 00:59:28] [%emt 00:00:16]} 15. a5
{[%clk 00:55:06] [%emt 00:00:21]} 15... Nf6 {[%clk 00:59:26] [%emt 00:00:31]}
16. Qd2 {[%clk 00:55:17] [%emt 00:00:19]} 16... Rb8 {[%clk 00:58:21] [%emt
00:01:35]} 17. Ra4 {[%clk 00:55:35] [%emt 00:00:12]} 17... Be6 {[%clk 00:57:38]
[%emt 00:01:12]} 18. Nxb4 {[%clk 00:55:00] [%emt 00:01:05]} 18... Nxb4 {[%clk
00:57:50] [%emt 00:00:18]} 19. Rxb4 {[%clk 00:55:28] [%emt 00:00:03]} 19...
Bxb3 {[%clk 00:58:02] [%emt 00:00:19]} 20. Rxb3 {[%clk 00:54:16] [%emt
00:01:42]} 20... Rxb3 {[%clk 00:58:21] [%emt 00:00:11]} 21. cxb3 {[%clk
00:54:42] [%emt 00:00:03]} 21... Qb8 {[%clk 00:58:35] [%emt 00:00:16]} 22. Qc3
{[%clk 00:53:27] [%emt 00:01:46]} 22... Rc8 {[%clk 00:58:13] [%emt 00:00:51]}
23. Qc4 {[%clk 00:52:48] [%emt 00:01:10]} 23... Qb7 {[%clk 00:54:55] [%emt
00:03:47]} 24. Rc1 {[%clk 00:51:43] [%emt 00:01:36]} 24... Nd7 {[%clk 00:54:45]
[%emt 00:00:38]} 25. b4 {[%clk 00:47:38] [%emt 00:04:37]} 25... c5 {[%clk
00:53:41] [%emt 00:01:33]} 26. Nh4 {[%clk 00:44:20] [%emt 00:03:49]} 26... g6
{[%clk 00:52:57] [%emt 00:01:14]} 27. Nxg6 {[%clk 00:44:02] [%emt 00:00:48]}
27... Nf8 {[%clk 00:52:19] [%emt 00:01:08]} 28. Nh4 {[%clk 00:43:55] [%emt
00:00:38]} 28... Rd8 {[%clk 00:50:17] [%emt 00:02:30]} 29. Nf5 {[%clk 00:43:51]
[%emt 00:00:36]} 1-0

[Event "New Zealand Junior Championship"]
[Site "Wellington"]
[Date "2023.01.03"]
[Round "1.5"]
[White "Zhou, Adele"]
[Black "Young, Cohen"]
[Result "0-1"]
[WhiteElo "1166"]
[BlackElo "1994"]

1. e4 {[%clk 01:00:58] [%emt 00:00:03]} 1... c5 {[%clk 01:00:59]} 2. c3 {[%clk
01:01:20] [%emt 00:00:07]} 2... Nf6 {[%clk 01:01:27] [%emt 00:00:02]} 3. d3
{[%clk 01:01:23] [%emt 00:00:27]} 3... Nc6 {[%clk 01:01:19] [%emt 00:00:38]} 4.
Nf3 {[%clk 01:01:16] [%emt 00:00:38]} 4... e5 {[%clk 01:01:14] [%emt 00:00:35]}
5. Bg5 {[%clk 01:01:16] [%emt 00:00:29]} 5... Be7 {[%clk 01:01:32] [%emt
00:00:13]} 6. Be2 {[%clk 01:00:57] [%emt 00:00:47]} 6... d5 {[%clk 01:01:56]
[%emt 00:00:06]} 7. exd5 {[%clk 00:59:55] [%emt 00:01:31]} 7... Nxd5 {[%clk
01:02:01] [%emt 00:00:26]} 8. Bxe7 {[%clk 00:59:34] [%emt 00:00:51]} 8... Qxe7
{[%clk 01:02:27] [%emt 00:00:04]} 9. O-O {[%clk 00:59:29] [%emt 00:00:35]} 9...
Bf5 {[%clk 01:02:36] [%emt 00:00:22]} 10. Re1 {[%clk 00:58:20] [%emt 00:01:39]}
10... O-O-O {[%clk 01:02:49] [%emt 00:00:17]} 11. Na3 {[%clk 00:51:27] [%emt
00:07:23]} 11... Nf4 {[%clk 01:03:00] [%emt 00:00:19]} 12. d4 {[%clk 00:37:01]
[%emt 00:14:56]} 12... e4 {[%clk 01:02:43] [%emt 00:00:47]} 13. Bb5 {[%clk
00:32:57] [%emt 00:04:34]} 13... Qf6 {[%clk 01:02:10] [%emt 00:01:03]} 14. Bxc6
{[%clk 00:29:55] [%emt 00:03:32]} 14... bxc6 {[%clk 01:00:24] [%emt 00:02:16]}
15. Ne5 {[%clk 00:29:10] [%emt 00:01:15]} 15... Rhe8 {[%clk 00:53:33] [%emt
00:07:20]} 16. Qa4 {[%clk 00:28:06] [%emt 00:01:24]} 16... Rxe5 {[%clk
00:51:02] [%emt 00:03:12]} 17. dxe5 {[%clk 00:27:57] [%emt 00:00:38]} 17... Qg6
{[%clk 00:51:03] [%emt 00:00:28]} 18. g3 {[%clk 00:26:02] [%emt 00:02:25]}
18... Nh3+ {[%clk 00:50:04] [%emt 00:01:30]} 19. Kf1 {[%clk 00:24:57] [%emt
00:01:35]} 19... e3 {[%clk 00:44:25] [%emt 00:06:09]} 20. Rxe3 {[%clk 00:22:46]
[%emt 00:02:40]} 20... Rd2 {[%clk 00:44:49] [%emt 00:00:07]} 21. Rf3 {[%clk
00:18:58] [%emt 00:04:18]} 21... Bd3+ {[%clk 00:41:13] [%emt 00:04:06]} 22. Kg2
{[%clk 00:17:29] [%emt 00:01:58]} 22... Be4 {[%clk 00:41:33] [%emt 00:00:10]}
23. Kxh3 {[%clk 00:16:07] [%emt 00:01:52]} 23... Qh5+ {[%clk 00:41:56] [%emt
00:00:08]} 24. Kg2 {[%clk 00:15:50] [%emt 00:00:46]} 24... Qxf3+ {[%clk
00:42:19] [%emt 00:00:07]} 25. Kh3 {[%clk 00:15:23] [%emt 00:00:56]} 25... Qh5#
{[%clk 00:42:32] [%emt 00:00:19]} 0-1

[Event "New Zealand Junior Championship"]
[Site "Wellington"]
[Date "2023.01.03"]
[Round "1.6"]
[White "Loke, Kayden"]
[Black "Wang, Carol Huixin"]
[Result "1-0"]
[WhiteElo "1972"]
[BlackElo "1127"]

1. e4 {[%clk 01:00:39] [%emt 00:00:21]} 1... e5 {[%clk 01:00:50] [%emt
00:00:11]} 2. Nf3 {[%clk 01:00:48] [%emt 00:00:21]} 2... Nc6 {[%clk 01:00:44]
[%emt 00:00:36]} 3. Bc4 {[%clk 01:00:59] [%emt 00:00:19]} 3... Bc5 {[%clk
01:00:45] [%emt 00:00:29]} 4. c3 {[%clk 01:01:04] [%emt 00:00:25]} 4... Nf6
{[%clk 01:00:19] [%emt 00:00:56]} 5. d4 {[%clk 01:01:17] [%emt 00:00:16]} 5...
exd4 {[%clk 00:59:36] [%emt 00:01:13]} 6. cxd4 {[%clk 01:01:15] [%emt
00:00:32]} 6... Bb4+ {[%clk 00:59:02] [%emt 00:01:04]} 7. Nc3 {[%clk 01:01:30]
[%emt 00:00:15]} 7... Bxc3+ {[%clk 00:56:57] [%emt 00:02:35]} 8. bxc3 {[%clk
01:01:49] [%emt 00:00:11]} 8... Nxe4 {[%emt 00:00:28]} 9. O-O {[%clk 01:01:12]
[%emt 00:01:05]} 9... O-O {[%clk 00:55:45] [%emt 00:01:46]} 10. Bd3 {[%clk
01:00:34] [%emt 00:01:08]} 10... Nf6 {[%clk 00:54:45] [%emt 00:01:30]} 11. Ne5
{[%clk 00:59:23] [%emt 00:01:40]} 11... Re8 {[%clk 00:52:57] [%emt 00:02:18]}
12. f4 {[%clk 00:59:03] [%emt 00:00:49]} 12... d6 {[%clk 00:52:27] [%emt
00:01:01]} 13. Nxc6 {[%clk 00:55:30] [%emt 00:04:03]} 13... bxc6 {[%clk
00:52:40] [%emt 00:00:17]} 14. f5 {[%clk 00:55:46] [%emt 00:00:14]} 14... h6
{[%clk 00:51:22] [%emt 00:01:47]} 15. h4 {[%clk 00:53:46] [%emt 00:02:31]}
15... Bb7 {[%clk 00:48:07] [%emt 00:03:45]} 16. Rb1 {[%clk 00:52:53] [%emt
00:01:23]} 16... Rb8 {[%clk 00:47:33] [%emt 00:01:04]} 17. g4 {[%clk 00:53:01]
[%emt 00:00:22]} 17... Nd5 {[%clk 00:46:40] [%emt 00:01:22]} 18. g5 {[%clk
00:50:47] [%emt 00:02:45]} 18... Nxc3 {[%clk 00:45:34] [%emt 00:01:36]} 19. Qg4
{[%clk 00:50:41] [%emt 00:00:35]} 19... Nxb1 {[%clk 00:39:23] [%emt 00:06:41]}
20. gxh6 {[%clk 00:50:35] [%emt 00:00:36]} 20... Kf8 {[%emt 00:06:01]} 21.
Qxg7+ {[%clk 00:50:38] [%emt 00:00:26]} 21... Ke7 {[%emt 00:00:41]} 22. f6+
{[%emt 00:01:07]} 22... Kd7 {[%clk 00:33:22] [%emt 00:00:14]} 23. Qxf7+ {[%clk
00:50:46] [%emt 00:00:20]} 23... Kc8 {[%clk 00:32:55] [%emt 00:00:58]} 24. Bf5+
{[%clk 00:51:07] [%emt 00:00:08]} 24... Re6 {[%clk 00:32:41] [%emt 00:00:45]}
25. Bxe6+ {[%clk 00:51:30] [%emt 00:00:07]} 25... Qd7 {[%clk 00:32:57] [%emt
00:00:14]} 26. Qe8# {[%emt 00:00:40]} 1-0